• 首页
  • 本馆介绍
  • 公告通知
  • 最新文献
  • 馆藏检索
  • 电子资源
  • 读者导购
  • 参考咨询
  • 我的图书馆
  • 登录
  • 详细信息显示
  • 放入我的书架
  • 预约/预借图书
  • 作者相关作品
  • 分类相关作品
  • 丛书相关作品
  • 出版社相关作品

书目信息

  • 表格格式
  • 工作单格式
  • 卡片格式
题名:
戏剧影视表演
    
 
作者: 李雪涛 著
分册:  
出版信息: 长春   吉林科学技术出版社  2021.06
页数: 177页
开本: 24cm
丛书名:
单 册:
中图分类: J812.2 , J912
科图分类:
主题词: 戏剧表演--xi ju biao yan--表演艺术 , 电影表演--dian ying biao yan--表演艺术 , 电视--dian shi--表演艺术
电子资源:
ISBN: 978-7-5578-7125-3
000 00925nam0 2200277 450
001 CAL 0120141439631
005 20230217093112.0
010    @a978-7-5578-7125-3@dCNY50.00
100    @a20210817d2021 em y0chiy0120 ea
101 0  @achi
102    @aCN@b220000
105    @ay a 000yy
106    @ar
200 1  @a戏剧影视表演@Axi ju ying shi biao yan@f李雪涛著
210    @a长春@c吉林科学技术出版社@d2021.06
215    @a177页@d24cm
320    @a有书目 (第177页)
330    @a本书内容包括: 戏剧与影视 ; 表演艺术的特征 ; 电影表演 ; 戏剧表演 ; 表演技巧基础训练 ; 角色创作基础训练 ; 舞台人物形象塑造 ; 影视人物形象塑造。
606 0  @a戏剧表演@Axi ju biao yan@x表演艺术
606 0  @a电影表演@Adian ying biao yan@x表演艺术
606 0  @a电视@Adian shi@x表演艺术
690    @aJ812.2@v5
690    @aJ912@v5
701  0 @a李雪涛@Ali xue tao@4著
801  0 @aCN@bBJXHZP@c20230228
905    @b1382144-7@dJ812.2@e159@f4
    
    戏剧影视表演/李雪涛著.-长春:吉林科学技术出版社,2021.06
    177页;24cm
    
    
    ISBN 978-7-5578-7125-3:CNY50.00
    本书内容包括: 戏剧与影视 ; 表演艺术的特征 ; 电影表演 ; 戏剧表演 ; 表演技巧基础训练 ; 角色创作基础训练 ; 舞台人物形象塑造 ; 影视人物形象塑造。
●
相关链接 在E读中查询图书 在五车中查询图书 在当当中查询图书 在豆瓣中查询图书


正题名:戏剧影视表演     索取号:J812.2/159         预约/预借

序号 登录号 条形码 馆藏地/架位号 状态 备注
1 1382144   213821444   第一样本阅览室/ [索取号:J812.2/159] 在馆    
2 1382145   213821453   第一借阅区/ [索取号:J812.2/159] 在馆    
3 1382146   213821462   第一借阅区/ [索取号:J812.2/159] 在馆    
4 1382147   213821471   第一借阅区/ [索取号:J812.2/159] 在馆    
唐山师范学院图书馆 欢迎您!
大连网信软件有限公司© 版权所有